000 00612nam a2200217Ia 4500
005 20241129104115.0
008 241129s9999||||xx |||||||||||||| ||und||
020 _a9780367566043
037 _aTextual
040 _aRTL
_beng
_cRTL
041 _aeng
_2eng
084 _aX:87 R1
_qRTL
100 _aVarney John
_9724805
245 0 _aLeadership as meaning-making: Take the hero's journey to transformation
_cVarney John
260 _aNew York
_bRoutledge
_c2021
300 _axx,120p.
365 _aINR
_b2353.95
650 _aCommerce
942 _cTB
_hX:87 R1
999 _c1224458
_d1224458